000 00643cam a2200229 4500500
005 20260329002107.0
041 _afre
042 _adc
100 1 0 _aLeonelli, Ludovic
_eauthor
245 0 0 _aLa réalité est ailleurs
260 _c2010.
500 _a22
690 _aConsommation
690 _aÉchange
690 _aJean Baudrillard
690 _aObjet
690 _aRéalité
690 _aSéduction
690 _aSimulacre
786 0 _nPhilosophie magazine | 42 | 9 | 2010-09-01 | p. 35-36 | 1951-1787
856 4 1 _uhttps://shs.cairn.info/magazine-philosophie-magazine-2010-9-page-35?lang=fr&redirect-ssocas=7080
999 _c1811650
_d1811650